000 00683nam a2200241Ia 4500
003 OSt
005 20220912151757.0
006 a|||||r|||| 00| 0
007 ta
008 220909b |||||||| |||| 00| 0 eng d
024 _a22981
037 _cTextual
040 _aCSL
_beng
_cCSL
041 _aeng
082 _aB334, L92
100 _aManwell A R
245 0 _aTricomi equation with applications to the theory of plane transonic flow
260 _aSan Francisco
_bFranciso Pitman Advanced Pub.
_c1972
300 _a185p.
_ccm.
490 _aResearch notes in mathematics; 35
942 _hB334, L92
_cTEXL
_2CC
999 _c75098
_d75098